Statistics for Governors of Mississippi

Click here to take the quiz!

General Stats

  • This quiz has been taken 6 times
  • The average score is 6 of 64

Answer Stats

HintAnswer% Correct
2020-Tate Reeves
100%
1916-1920Theodore Gilmore Bilbo
50%
1928-1932Theodore Gilmore Bilbo
50%
1896-1900Anselm Joseph McLaurin
25%
1972-1976Bill Waller
25%
1976-1980Cliff Finch
25%
2004-2012Haley Barbour
25%
1904-1908James Kimble Vardaman
25%
1968-1972John Bell Williams
25%
1992-2000Kirk Fordice
25%
1964-1968Paul Burney Johnson Jr.
25%
1940-1943Paul Burney Johnson Sr.
25%
2012-2020Phil Bryant
25%
1988-1992Ray Mabus
25%
2000-2004Ronnie Musgrove
25%
1960-1964Ross Barnett
25%
1984-1988William Allain
25%
1832-1833Abram Marshall Scott
0%
1868-1870Adelbert Ames
0%
1874-1876Adelbert Ames
0%
1844-1848Albert Gallatin Brown
0%
1838-1842Alexander McNutt
0%
1900-1904Andrew Houston Longino
0%
1865-1868Benjamin Grubb Humphreys
0%
1863-1865Charles Clark
0%
1836-1838Charles Lynch
0%
1833Charles Lynch
0%
1817-1820David Holmes
0%
1826David Holmes
0%
1943-1944Dennis Murphree
0%
1927-1928Dennis Murphree
0%
1912-1916Earl Leroy Brewer
0%
1908-1912Edmond Noel
0%
1946-1952Fielding Lewis Wright
0%
1820-1822George Poindexter
0%
1825-1826Gerard Brandon
0%
1826-1832Gerard Brandon
0%
1924-1927Henry Lewis Whitfield
0%
1852-1854Henry Stuart Foote
0%
1833-1835Hiram Runnels
0%
1936-1940Hugh Lawson White
0%
1952-1956Hugh Lawson White
0%
1870-1871James Lusk Alcorn
0%
1956-1960James Plemon Coleman
0%
1851-1852James Whitfield
0%
1850-1851John Anthony Quitman
0%
1835-1836John Anthony Quitman
0%
1851John Isaac Guion
0%
1854-1857John Jones McRae
0%
1854John Jones Pettus
0%
1859-1863John Jones Pettus
0%
1890-1896John Marshall Stone
0%
1876-1882John Marshall Stone
0%
1848-1850Joseph Warren Matthews
0%
1920-1924Lee Maurice Russell
0%
1932-1936Martin Sennet Conner
0%
1871-1874Ridgley Ceylon Powers
0%
1882-1890Robert Lowry
0%
1944-1946Thomas Lowry Bailey
0%
1842-1844Tilghman Tucker
0%
1822-1825Walter Leake
0%
1980-1984William Forrest Winter
0%
1865William Lewis Sharkey
0%
1857-1859William McWillie
0%

Score Distribution

Percentile by Number Answered

Percent of People with Each Score

Your Score History

You have not taken this quiz